Stemmi Squadre di calcio - Bundesliga - Quiz n°1 - Statistics

Statistiche generali
  • Questo quiz è stato fatto 541 volte
  • Il punteggio medio è 7 su 10
Statistiche sulle risposte
con Immagini Risposta % Corretto
Bayer 04 Leverkusen Fußball
98%
Fußball-Club Bayern München
85%
Turn- und Sportgemeinschaft 1899 Hoffenheim
85%
1. Fußballclub Union Berlin
82%
Eintracht Frankfurt
81%
Verein für Bewegungsspiele Stuttgart 1893
81%
Verein für Leibesübungen Wolfsburg
81%
Verein für Leibesübungen Bochum 1848
78%
Deutscher Sportclub Arminia Bielefeld
44%
Karlsruher Sport-Club Mühlburg-Phönix
33%
Nessun quiz corrispondente trovato
Distribuzione punteggi
Percentuale di utenti per punteggio
Percentile per numero di risposta
I tuoi punteggi nel tempo
Non hai fatto questo quiz